000 00716cam a22002533a 4500
001 10145
003 PGUSA
005 20140828083220.0
008 031101s2003||||xxu|||||s|||||000 | eng d
040 _aPGUSA
_beng
042 _adc
050 4 _aD501
100 1 _aToynbee, Arnold,
_d1889-1975
245 1 0 _aTurkey :
_ba Past and a Future
_h[electronic resource] /
_cArnold Toynbee
260 _bProject Gutenberg,
_c2003
506 _aPublic domain in the USA.
516 _aElectronic text
653 _aTurkey -- History
653 _aEastern question
653 _aWorld War, 1914-1918 -- Turkey
830 0 _aProject Gutenberg
_v10145
856 4 0 _uhttp://www.gutenberg.org/ebooks/10145
942 _cEB
999 _c239400
_d239400